25 ciudades más pobladas de La Rioja - Estadísticas

Estadísticas generales
  • Esta prueba ha sido intentada 662 veces
  • La puntuación promedio es 10 de 25
Estadísticas de respuestas
Pob. Municipio % Correcto
153 k Logroño
100%
12.0 k Haro
85%
24.9 k Calahorra
83%
14.4 k Arnedo
70%
6.74 k Santo Domingo de la Calzada
62%
9.81 k Alfaro
57%
8.40 k Nájera
56%
8.12 k Lardero
48%
2.10 k Ezcaray
46%
2.86 k Navarrete
42%
2.12 k Cenicero
38%
6.72 k Villamediana de Iregua
37%
4.39 k Autol
31%
3.22 k Fuenmayor
31%
3.80 k Rincón de Soto
31%
3.29 k Albelda de Iregua
29%
2.68 k Alberite
27%
2.83 k Cervera del Río Alhama
26%
4.01 k Pradejón
25%
2.07 k Quel
22%
2.82 k Aldeanueva de Ebro
21%
1.37 k Casalarreina
21%
1.83 k Murillo de Río Leza
19%
1.49 k Entrena
17%
1.73 k Baños de Río Tobía
15%
No se encontraron pruebas coincidentes
Distribución de puntuación
Porcentaje de gente con cada puntuación
Porcentaje por número respondido
Historial de tus puntuaciones
No has intentado esta prueba.